The picture of Dorian Gray

Αποθηκεύτηκε σε:
Λεπτομέρειες βιβλιογραφικής εγγραφής
Κύριος συγγραφέας: Wilde, Oscar, 1854-1900
Μορφή: Βιβλίο
Γλώσσα:English
Δημοσίευση: Oxford : Oxford University Press, c1989
Σειρά:Oxford bookworms. Black series ; ; Stage 3
Θέματα:
Ετικέτες: Προσθήκη ετικέτας
Δεν υπάρχουν, Καταχωρήστε ετικέτα πρώτοι!

MARC

LEADER 00000nam a2200000 i 4500
001 1/49293
008 980204s1989 eng d
020 |a 0194216527 
035 |l 10026813 
040 |a GR-MY-UA  |b gre  |e aacr 
041 0 |a eng 
082 0 |a 428.64 
100 1 |a Wilde, Oscar,   |d 1854-1900. 
245 1 4 |a The picture of Dorian Gray /  |c Oscar Wilde ; retold by: Jill Nevile 
260 |a Oxford :   |b Oxford University Press,   |c c1989 
300 |a 59 p. 
490 1 |a Oxford bookworms. Black series  |v ; Stage 3 
650 0 0 |a English language  |v Textbooks for foreign speakers. 
700 1 |a Nevile, Jill.  |4 oth 
830 0 |a Oxford bookworms. Black series ;  |v ; Stage 3 
852 |a INST  |b CHIOS  |e 19980204  |h 428.64 WIL  |p 005200009973  |q 005200009973  |t BK  |y 0 
901 |a BIBL-1998-1 
909 |a Χ  |b 052594 
922 |a 2ΕΛΗ  |b 199712  |c ΣΟΥΚΑΣ  |d ΠΑΠΑΣΩΤΗΡΙΟΥ